| 000 | 00454nam a22001697a 4500 | ||
|---|---|---|---|
| 005 | 20251108172219.0 | ||
| 008 | 250721s1999 xx 000 0 ara d | ||
| 082 | 1 | 4 | _a210.4301412/غاو |
| 100 | 1 | _aغاوجي، وهبي سليمان | |
| 245 | 1 | 0 | _aالمرأة المسلمة / |
| 250 | _aط8 | ||
| 264 | 1 |
_aبيروت : _bدار القلم، _c1999. |
|
| 650 | 1 | 7 | _aالإسلام |
| 650 | 1 | 7 | _aالمرأة |
| 942 |
_2ddc _cBK |
||
| 999 |
_c73324 _d73324 |
||